[Event "Vlissingen HZ op 23rd"]
[Site "Vlissingen"]
[Date "2019.08.04"]
[Round "3"]
[White "De Kleuver, Jonathan"]
[Black "Lacrosse, Marc"]
[Result "0-1"]
[WhiteElo "1874"]
[BlackElo "2160"]
[PlyCount "82"]
[EventDate "2019.08.03"]
[EventType "swiss"]
[EventRounds "9"]
[EventCountry "NED"]
[SourceTitle "CBM 191 Extra"]
[Source "ChessBase"]
[SourceDate "2019.09.30"]
[SourceVersion "1"]
[SourceVersionDate "2019.09.30"]
[SourceQuality "1"]

1. d4 d5 2. c4 e6 3. Nf3 Nf6 4. Nc3 Nbd7 5. Bg5 c6 6. e3 Qa5 7. cxd5 Nxd5 8. Rc1 Nxc3 9. bxc3 Ba3 10. Rc2 0-0 11. Bd3 Re8 12. 0-0 e5 13. e4 b6 14. Bh4 Ba6 15. Bg3 Rad8 16. Bxa6 Qxa6 17. Rd2 exd4 18. Rxd4 Qc8 19. Bh4 Be7 20. Bxe7 Rxe7 21. Qd3 Rde8 22. Nd2 Nc5 23. Qc2 Ne6 24. Rb4 Nf4 25. f3 Rd8 26. e5 Nd3 27. Rd4 Nxe5 28. Ne4 c5 29. Ng5 g6 30. Rd2 Nc4 31. Re2 Ne3 32. Qb3 Qf5 33. h4 h6 34. Rfe1 hxg5 35. Rxe3 Rxe3 36. Rxe3 gxh4 37. Qa4 Qg5 38. Re4 h3 39. Rg4 Qc1+ 40. Kh2 hxg2 41. Qc4 Qh1+ 0-1

[Event "Vlissingen HZ op 20th"]
[Site "Vlissingen"]
[Date "2016.08.06"]
[Round "1"]
[White "Perske, Thore"]
[Black "De Kleuver, Jonathan"]
[Result "1-0"]
[WhiteElo "2377"]
[BlackElo "1856"]
[PlyCount "147"]
[EventDate "2016.08.06"]
[EventType "swiss"]
[EventRounds "9"]
[EventCountry "NED"]
[SourceTitle "CBM 173 Extra"]
[Source "ChessBase"]
[SourceDate "2016.08.29"]
[SourceVersion "1"]
[SourceVersionDate "2016.08.29"]
[SourceQuality "1"]

1. e4 Nf6 2. e5 Nd5 3. Nc3 Nxc3 4. dxc3 Nc6 5. Nf3 g6 6. Bc4 Bg7 7. Qe2 0-0 8. Bf4 d6 9. 0-0-0 Bg4 10. e6 fxe6 11. Bxe6+ Bxe6 12. Qxe6+ Kh8 13. Bg5 Qc8 14. Rhe1 Be5 15. Qxc8 Raxc8 16. Nxe5 Nxe5 17. Rd2 Rf7 18. f4 Nc6 19. Re6 Kg7 20. g3 Re8 21. c4 Ne5 22. Re2 Nc6 23. R6e4 h6 24. Bh4 e5 25. g4 Ref8 26. fxe5 Nxe5 27. Bg3 Rf1+ 28. Kd2 Nf3+ 29. Kc3 Ng5 30. Re7+ R8f7 31. a4 Rxe7 32. Rxe7+ Rf7 33. Re2 Rf3+ 34. Kb4 Kf7 35. a5 Ne6 36. a6 b6 37. Rf2 Rxf2 38. Bxf2 c5+ 39. Kb5 Nd8 40. Bh4 g5 41. Be1 Ke7 42. Bc3 Kd7 43. Bg7 Nf7 44. h3 Kc7 45. c3 Kd7 46. b4 Kc7 47. Ka4 cxb4 48. cxb4 Kc6 49. b5+ Kc5 50. Kb3 d5 51. Bf8+ Nd6 52. cxd5 Kxd5 53. Kb4 Nf7 54. Bg7 Ke4 55. Bf6 Kd5 56. Be7 Ke6 57. Bf8 Kd5 58. Ka4 Kd4 59. Bb4 Ne5 60. Bd6 Nd7 61. Kb4 Ke4 62. Kc4 Ne5+ 63. Kc3 Nd7 64. Bh2 Kd5 65. Bg1 Nc5 66. Bd4 Na4+ 67. Kd3 Nc5+ 68. Ke3 Ne6 69. Bf6 Kc4 70. Ke4 Kxb5 71. Kf5 Nf4 72. h4 Kxa6 73. h5 Nd5 74. Bxg5 1-0

[Event "Maastricht Limburg op-B 5th"]
[Site "Maastricht"]
[Date "2011.06.13"]
[Round "6"]
[White "De Kleuver, Jonathan"]
[Black "Cillen, Jeroen"]
[Result "1/2-1/2"]
[WhiteElo "1934"]
[BlackElo "1892"]
[PlyCount "84"]
[EventDate "2011.06.10"]
[EventType "swiss"]
[EventRounds "7"]
[EventCountry "NED"]
[SourceTitle "EXT 2012"]
[Source "ChessBase"]
[SourceDate "2011.11.24"]
[SourceVersion "1"]
[SourceVersionDate "2011.11.24"]
[SourceQuality "1"]

1. e4 c5 2. Nf3 d6 3. d4 cxd4 4. Nxd4 Nf6 5. Nc3 g6 6. Bb5+ Bd7 7. Bxd7+ Nbxd7 8. 0-0 Bg7 9. Bg5 Qa5 10. Be3 Ne5 11. Nb3 Qc7 12. Nd5 Qd7 13. Nxf6+ Bxf6 14. Bd4 0-0 15. f4 Ng4 16. h3 Bxd4+ 17. Qxd4 Nf6 18. Rad1 Qc7 19. c3 Rfd8 20. Qe3 d5 21. e5 Ne4 22. Nd4 Qc5 23. f5 Rac8 24. Kh2 Kg7 25. fxg6 hxg6 26. Qf4 Rf8 27. Qg4 e6 28. Rxf7+ Kxf7 29. Rf1+ Ke8 30. Qxe6+ Kd8 31. Rxf8+ Qxf8 32. Qxd5+ Ke8 33. Qxe4 Qf7 34. e6 Qg7 35. Nb5 Rc6 36. Nxa7 Rb6 37. Qa4+ Kf8 38. Qf4+ Kg8 39. e7 Qxe7 40. Nc8 Qf6 41. Qb8 Qf8 42. Qc7 Rxb2 1/2-1/2

[Event "Maastricht Limburg op-B 5th"]
[Site "Maastricht"]
[Date "2011.06.10"]
[Round "1"]
[White "Ramaekers, Philippe1111"]
[Black "De Kleuver, Jonathan"]
[Result "1-0"]
[WhiteElo "1811"]
[BlackElo "1934"]
[PlyCount "51"]
[EventDate "2011.06.10"]
[EventType "swiss"]
[EventRounds "7"]
[EventCountry "NED"]
[SourceTitle "EXT 2012"]
[Source "ChessBase"]
[SourceDate "2011.11.24"]
[SourceVersion "1"]
[SourceVersionDate "2011.11.24"]
[SourceQuality "1"]

1. e4 e5 2. f4 exf4 3. Nf3 d5 4. exd5 Qxd5 5. d4 Bb4+ 6. c3 Bd6 7. Nbd2 c5 8. Bc4 Qf5 9. 0-0 Ne7 10. Qe2 b6 11. Ne4 Bc7 12. Nh4 Qd7 13. Bb5 Nbc6 14. dxc5 bxc5 15. Nf5 Be5 16. Nxe7 Kxe7 17. Bxf4 f6 18. Bxe5 fxe5 19. Rad1 Qc7 20. Qh5 Be6 21. Qg5+ Ke8 22. Nd6+ Kd7 23. Nf7+ Kc8 24. Ba6+ Kb8 25. Nxh8 c4 26. Rf8+ 1-0